| 000 | 00736nam a2200229 a 4500 | ||
|---|---|---|---|
| 008 | |||
| 020 | _a9781138240315 (pbk.) | ||
| 049 | _aMAIN | ||
| 090 |
_aS593 _bAGR |
||
| 245 | 1 | 0 |
_aAgronomy for devlopment : _bthe politics of knowledge in agricultural research/ _cedited by James Sumberg. |
| 260 |
_aLondon : _bRoutledge, _cc2017. |
||
| 300 |
_axiii, 202 p. : _bill. ; _c23 cm. |
||
| 500 | _aIncludes index. | ||
| 504 | _aIncludes bibliographical references. | ||
| 650 |
_aAgronomy _xagriculture. |
||
| 650 | 1 |
_aAgriculture _xcrops and soils _ycrop science |
|
| 907 |
_a.b10386798 _b10-11-17 _c09-11-17 |
||
| 003 | |||
| 005 | 20230123122321.0 | ||
| 040 | _cNUST | ||
| 942 |
_cBOOKS _kS593 _mAGR |
||
| 999 |
_c131564 _d131564 |
||